Programming in Mathematica

Guardado en:
Detalles Bibliográficos
Autor principal: Maeder, Roman E. (Autor)
Formato: Libro
Lenguaje:inglés
Publicado: Reading : Addison-Wesley Longman, Inc., 1997
Edición:3rd Edition
Etiquetas: Agregar Etiqueta
Sin Etiquetas, Sea el primero en etiquetar este registro!

MARC

LEADER 00000nam a22000003a 4500
001 stu48856
005 20150617225708.0
008 981221s1997------------------------eng-d
020 |a 0-201-85449-X 
040 |a STU  |b slo 
041 0 |a eng 
080 |a 51+681.3.06 
100 1 |a Maeder, Roman E.  |4 aut 
245 1 |a Programming in Mathematica 
250 |a 3rd Edition 
260 |a Reading :  |b Addison-Wesley Longman, Inc.,  |c 1997 
300 |a 366 s 
500 |a Tab.,grafy,lit.,index 
996 |b C95618  |c C*95618  |l CCXIII  |s P  |a 0  |w stu48856_0001